Le Parti rouge : Une histoire du PCF 1920-2020 (notice n° 2198303)

détails MARC
000 -LEADER
fixed length control field 01921cam a2200157 4500500
005 - DATE AND TIME OF LATEST TRANSACTION
control field 20260405085527.0
041 ## - LANGUAGE CODE
Language code of text/sound track or separate title fre
042 ## - AUTHENTICATION CODE
Authentication code dc
100 10 - MAIN ENTRY--PERSONAL NAME
Personal name Martelli, Roger
Relator term author
245 00 - TITLE STATEMENT
Title Le Parti rouge : Une histoire du PCF 1920-2020
260 ## - PUBLICATION, DISTRIBUTION, ETC.
Name of publisher, distributor, etc. Armand Colin,<br/>
Date of publication, distribution, etc. 2020.<br/>
520 ## - SUMMARY, ETC.
Summary, etc. https://youtu.be/MMIs8k-fkqg?t=4Il y a un siècle, naissait ce qui allait devenir le Parti communiste français. Ce parti fut longtemps l’un des plus populaires du champ politique français. Pendant plus de trois décennies, il fut aussi le premier parti de gauche, avant de connaître un recul continu qui l’a porté vers les rivages de la marginalité.Cet ouvrage, qui insère les approches thématiques dans une trame chronologique rigoureuse, cherche à comprendre ce qui fit la force du PCF et ce qui a nourri son déclin. Il s’emploie à décrire la manière dont le communisme du xxe siècle s’est enraciné, à la charnière d’un communisme mondial dominé par le PC soviétique, dans un mouvement social structuré autour du monde ouvrier et urbain et une gauche politique traversée par les souvenirs des révolutions du passé, comme par les événements traumatisants des guerres mondiales et coloniales.Avec la fin de la guerre froide, l’ouverture des archives et la multiplication des angles de recherche, il est aujourd’hui possible d’observer le PCF de façon plus sereine et plus sûrement documentée. On prend désormais la mesure de ce que le communisme politique ne fut pas seulement un parti, voire un appareil très centralisé, mais aussi une galaxie associant du politique, du syndical, de l’associatif et du symbolique. C’est cet objet « total » qui est ici présenté, analysé et interrogé.
700 10 - ADDED ENTRY--PERSONAL NAME
Personal name Vigreux, Jean
Relator term author
700 10 - ADDED ENTRY--PERSONAL NAME
Personal name Wolikow, Serge
Relator term author
856 41 - ELECTRONIC LOCATION AND ACCESS
Uniform Resource Identifier <a href="https://shs.cairn.info/le-parti-rouge--9782200625887?lang=fr&redirect-ssocas=7080">https://shs.cairn.info/le-parti-rouge--9782200625887?lang=fr&redirect-ssocas=7080</a>

Pas d'exemplaire disponible.

PLUDOC

PLUDOC est la plateforme unique et centralisée de gestion des bibliothèques physiques et numériques de Guinée administré par le CEDUST. Elle est la plus grande base de données de ressources documentaires pour les Étudiants, Enseignants chercheurs et Chercheurs de Guinée.

Adresse

627 919 101/664 919 101

25 boulevard du commerce
Kaloum, Conakry, Guinée

Réseaux sociaux

Powered by Netsen Group @ 2025